The constitution of society : outline of the theory of structuration
Αποθηκεύτηκε σε:
| Κύριος συγγραφέας: | |
|---|---|
| Μορφή: | Βιβλίο |
| Γλώσσα: | English |
| Δημοσίευση: |
Cambridge :
Polity ,
1984
|
| Θέματα: | |
| Ετικέτες: |
Προσθήκη ετικέτας
Δεν υπάρχουν, Καταχωρήστε ετικέτα πρώτοι!
|
MARC
| LEADER | 00000nam a2200000 i 4500 | ||
|---|---|---|---|
| 001 | 1/100032 | ||
| 008 | 931013s1984 eng d | ||
| 020 | |a 0-7456-0007-7 | ||
| 035 | |l 10057117 | ||
| 040 | |a GR-MY-UA |b gre |e aacr | ||
| 041 | 0 | |a eng | |
| 082 | 0 | |a 301.01 | |
| 100 | 1 | |a Giddens, Anthony. | |
| 245 | 1 | 4 | |a The constitution of society : |b outline of the theory of structuration / |c Anthony Giddens |
| 260 | |a Cambridge : |b Polity , |c 1984 | ||
| 300 | |a xxxvii, 402 σ.; |c 24 εκ. | ||
| 504 | |a Βιβλιογραφία: σ. [379]-391. Περιέχει ευρετήριο. | ||
| 650 | 0 | 0 | |a Sociology. |
| 650 | 0 | 0 | |a Social structure. |
| 650 | 0 | 0 | |a Social institutions. |
| 650 | 0 | 0 | |a Political sociology. |
| 852 | |a INST |b CHIOS |e 20000128 |h 301.01 GID |p 005200019122 |q 005200019122 |t BK |y 0 | ||
| 852 | |a INST |b CHIOS |e 20080109 |h 301.01 GID |p 005200028052 |q 005200028052 |t BK |y 0 | ||
| 852 | |a INST |b LESVOS |e 19931013 |h 301.01 GID |p 005100010172 |q 005100010172 |t BK |y 0 | ||
| 852 | |a INST |b SAMOS |e 20041026 |h 301.01 GID |p 005300022907 |q 005300022907 |t BK |y 530 | ||
| 901 | |a BIBL3-2004-3 | ||
| 901 | |a BIBL2-2000-1 | ||
| 901 | |a BIBL2-2008-1 | ||
| 909 | |a Σ |b 113964 | ||
| 909 | |a Χ |b 073015 | ||
| 909 | |a Λ |b 018779 | ||
| 909 | |a Χ |b 142347 | ||
| 920 | |a ΔΙΕΥΡΥΝΣΗ |b ΕΠΕΑΕΚ-ΤΜΠΕΣ |y ΣΑΜΟΣ |z 2004-10 | ||
| 922 | |a 2ΕΛΗ |b 200001 |c ΤΔΕ |d ΠΑΠΑΣΩΤΗΡΙΟΥ | ||
| 922 | |a 2ΕΛΗ |b 200712 |c ΕΠΕΑΕΚ2/ΤΔΕ |d ΕΛΕΥΘΕΡΟΥΔΑΚΗΣ | ||
| 950 | |a 112-1999-11-12 | ||
| 970 | |a ΜΑΛΑΓΑΡΗ |b ΦΩΤΕΙΝΗ |z 2004/10/26 | ||